000
00222nam a22000857a 4500
008
170110b xxu||||| |||| 00| 0 eng d
100
_9
2300
_a
Siddiqi. M. N
245
_a
Environmental Studies-2
260
_a
New Delhi
_b
Oxford
_c
2007
999
_c
5206
_d
5206